| 000 | 00374nam a2200157Ia 4500 | ||
|---|---|---|---|
| 008 | 230917s9999||||xx |||||||||||||| ||und|| | ||
| 040 |
_e15078 _aMAIN |
||
| 041 | _aEnglish | ||
| 082 | _a512.5 A88E | ||
| 100 | _aAnton, Howard | ||
| 245 | 0 | _aElementary linear algebra | |
| 250 | _a2nd ed. | ||
| 260 |
_aNew York _bJohn Wiley _c1977 |
||
| 300 | _axv, 314 p. | ||
| 942 | _cBK | ||
| 999 |
_c208609 _d208609 |
||